Central Library OPAC University of Rajshahi

Biopharmaceutics modeling and simulations : (Record no. 79998)

MARC details
000 -LEADER
fixed length control field 00921nam a2200277 a 4500
001 - CONTROL NUMBER
control field 79998
003 - CONTROL NUMBER IDENTIFIER
rucl marc code BD-RjUL
005 - DATE AND TIME OF LATEST TRANSACTION
control field 20220620130159.0
008 - FIXED-LENGTH DATA ELEMENTS--GENERAL INFORMATION
fixed length control field 220620s2012 nju b 001 0 eng
020 ## - INTERNATIONAL STANDARD BOOK NUMBER
International Standard Book Number 9781118028681 (cloth)
035 ## - SYSTEM CONTROL NUMBER
System control number (BD-RjUL)79998
040 ## - CATALOGING SOURCE
Original cataloging agency DNLM/DLC
Transcribing agency DLC
Modifying agency DLC
-- BD-RjUL
Language of cataloging eng
041 ## - LANGUAGE CODE
Language code of text/sound track or separate title eng
082 00 - DEWEY DECIMAL CLASSIFICATION NUMBER
Edition number 23
Classification number 615.7
Author mark and year SUB 2012
100 1# - MAIN ENTRY--PERSONAL NAME
Personal name Sugano, Kiyohiko.
9 (RLIN) 3736
245 10 - TITLE STATEMENT
Title Biopharmaceutics modeling and simulations :
Remainder of title theory, practice, methods, and applications /
Statement of responsibility, etc. Kiyohiko Sugano.
260 ## - PUBLICATION, DISTRIBUTION, ETC. (IMPRINT)
Place of publication, distribution, etc. Hoboken, N.J. :
Name of publisher, distributor, etc. John Wiley & Sons,
Date of publication, distribution, etc. c2012.
300 ## - PHYSICAL DESCRIPTION
Pagination xxxv, 483 p. :
Illustrations ill. ;
Size 24 cm.
504 ## - BIBLIOGRAPHY, ETC. NOTE
Bibliography, etc Includes bibliographical references and index.
650 12 - SUBJECT ADDED ENTRY--TOPICAL TERM
Topical term or geographic name as entry element Biopharmaceutics
General subdivision methods.
9 (RLIN) 3737
Topical term or geographic name as entry element Computer Simulation.
9 (RLIN) 3738
Topical term or geographic name as entry element Drug Compounding
General subdivision methods.
9 (RLIN) 3739
Topical term or geographic name as entry element Models, Theoretical.
9 (RLIN) 3740
942 ## - ADDED ENTRY ELEMENTS (KOHA)
Source of classification or shelving scheme Dewey Decimal Classification
Koha item type Books
Holdings
Lost status Source of classification or shelving scheme Damaged status Not for loan Collection code Permanent Location Current Location Shelving location Date acquired Source of acquisition Cost, normal purchase price Total Checkouts Full call number Date last seen Copy number Koha item type
  Dewey Decimal Classification   Not For Loan Non-fiction Central Library, University of Rajshahi Central Library, University of Rajshahi Reading Room 26/04/2022 Dhaka : Paragon Enter. 10688.00   615.7 SUB 2012 20/06/2022 C-1 Books